000
00338nam a22001457a 4500
008
230413b ||||| |||| 00| 0 eng d
020
_a
9780192617026
041
_a
eng
080
_a
610.73
082
_a
610.73McG
100
_a
8
101
_a
INF
245
_a
FITNESS FOR WORL THE MEDICAL ASPECTS
_c
McCALLUM.I.R.E
942
_2
udc
_c
BK
999
_c
59522
_d
59522